| 000 | 00941nam a2200265 a 4500 | ||
|---|---|---|---|
| 999 |
_c2113 _d2113 |
||
| 008 | 200212s2018 ii ad||| m|||a00| 0 eng d | ||
| 040 |
_aKO _beng |
||
| 041 | 0 | _aeng | |
| 044 | _aii | ||
| 082 | 0 | 4 |
_223 _a378.242 _bPRM1629 |
| 100 | 1 |
_aTomes, Timmy Jacob _eResearcher |
|
| 245 | 1 | 2 |
_aA Study On Performance Of Warehouse Operation and Inventory Management With Special Reference To Cambridge Apperels : _bProject Report / _cTimmy Jacob Tomes ; Dr. U. Sreejith |
| 260 |
_aKochi : _bIndian Maritime University, _c2018 |
||
| 300 |
_a45 p. : _bill., charts ; _c29 cm. |
||
| 490 | 0 |
_aMBA Project 2016-18 ; _v1605305029 |
|
| 502 | _aProject (MBA)–Indian Maritime University. School of Maritime Management, 2018. | ||
| 650 | 0 | _aWarehouses | |
| 650 | 0 | _aInventory control | |
| 650 | 0 | _aManagement | |
| 655 | 7 |
_2lcsh _aDissertations, Academic _y2018 |
|
| 700 | 1 |
_aSreejith, U. _cDr. _eGuide |
|
| 904 | _aReshma_R | ||
| 942 | _cTH | ||